| 000 | 00551nam a22002057a 4500 | ||
|---|---|---|---|
| 003 | OSt | ||
| 005 | 20140310182755.0 | ||
| 008 | 130205t xxu||||| |||| 00| 0 eng d | ||
| 020 | _a9789814369398 | ||
| 050 |
_aLB 1025.3 _b.Eb16 2012 |
||
| 082 |
_aM 371.10023 _bE16 2012 |
||
| 245 |
_aIntroduction to Education _cEbert II, Edward S. |
||
| 260 |
_aBelmont, C.A. _bWadsworth Cengage Learning _c2012 |
||
| 300 |
_a565 p. _c27 cm. |
||
| 521 | _acollege students | ||
| 526 | _c1210L-1700L | ||
| 541 | _j1 | ||
| 562 | _e1 | ||
| 942 |
_2lcc _cBK _kM |
||
| 999 |
_c15842 _d15842 |
||